| 000 | 00604nam a2200145 a 4500 | ||
|---|---|---|---|
| 008 | 120416s1980 ||||||||||||||||| || u | ||
| 050 | _aHF 5635 Pyl | ||
| 100 | _aPyle, William W | ||
| 245 | 1 | 0 | _aFinancial accounting |
| 260 |
_aHomewood, Ill. _bIrwin _c1980 |
||
| 300 | _axiv, 610p. : ill. | ||
| 350 | _a0.00 | ||
| 995 |
_aBINDERY (DAMAGED) _D0.00 _e006314 _FCBU-MAIN LIBRARY (Kitwe) _H2 _I0.00 _jHF 5635 Pyl _UDAMAGED _y006314 _ZMain Library Open Access Collection |
||
| 995 |
_aBINDERY (DAMAGED) _D0.00 _e006313 _FCBU-MAIN LIBRARY (Kitwe) _H1 _I0.00 _jHF 5635 Pyl _UDAMAGED _y006313 _ZMain Library Open Access Collection |
||
| 999 |
_c63044 _d63044 |
||